Living nutrition
Guardat en:
| Autors principals: | , |
|---|---|
| Format: | Llibre |
| Idioma: | anglès |
| Publicat: |
Nueva York
John Wiley and Sons, Inc
1973
|
| Edició: | 1a. ed |
| Matèries: | |
| Etiquetes: |
Afegir etiqueta
Sense etiquetes, Sigues el primer a etiquetar aquest registre!
|
MARC
| LEADER | 00000cam a2200000 a 4500 | ||
|---|---|---|---|
| 001 | UCC1992 | ||
| 003 | CL-VaPUC | ||
| 008 | 171230e19730000us |||||||||||||||||eng|d | ||
| 020 | |a 047182075X | ||
| 082 | 0 | 4 | |a 641.1 |b STA |2 21 |
| 100 | 0 | |a Stare, Fredrick John |e author |9 596121 | |
| 700 | 0 | |a McWilliams, Margaret |e author |9 596122 | |
| 245 | 1 | 0 | |a Living nutrition |
| 250 | |a 1a. ed | ||
| 300 | |a 467 p | ||
| 942 | |c BK | ||
| 945 | |d 20171230 00:11:00 |a dcastane | ||
| 260 | |a Nueva York |b John Wiley and Sons, Inc |c 1973 | ||
| 650 | 0 | |a Nutrición |9 259434 | |
| 650 | 0 | |a Alimentación |9 334197 | |
| 650 | 0 | |a Desarrollo embrionario |9 343783 | |
| 583 | |a last modification |c 20171230 00:11:00 |k Rodrigo Vera | ||
| 999 | |c 370312 |d 370310 | ||
| 952 | |0 0 |1 0 |3 erd |4 0 |6 641_100000000000000_STA_1973 |7 0 |8 A |9 486704 |a BIBALI |b BIBALI |i 5442974 |o 641.1 STA 1973 |p 5442974 |r 2025-01-20 |w 2019-11-24 |y BK |z Catalogado en:20171230 |k ALI | ||